- México.
Entry Nombre Corporativo
Number of records used in: 133
001 - NÚMERO DE CONTROL
- campo de control: 51349
003 - IDENTIFICADOR DE NUMERO DE CONTROL
- campo de control: MX-MxUPN
005 - FECHA Y HORA DE LA ÜLTIMA TRANSACCIÓN
- campo de control: 20240419094443.0
008 - DATOS DE LONGITUD FIJA
- campo de control de longitud fija: 240313|| acn||aabn a a|a d
040 ## - FUENTE DE CATALOGACIÓN
- Agencia original de catalogación: MX-MxUPN
- Lenguaje de catalogación: spa
- Agencia transcribe: MX-MxUPN
110 1# - ENCABEZAMIENTO - NOMBRE CORPORATIVO
- Nombre corporativo o de jurisdicción como elemento de entrada : México.
- Unidad subordinada: Secretaría de Educación Pública.
- Unidad subordinada: Biblioteca Pública
410 2# - MENCIÓN DE REFERENCIA “VÉASE” – NOMBRE DE ENTIDAD CORPORATIVA
- Corporate name or jurisdiction name as entry element: Biblioteca Pública de la Secretaría de Educación Pública
410 2# - MENCIÓN DE REFERENCIA “VÉASE” – NOMBRE DE ENTIDAD CORPORATIVA
- Corporate name or jurisdiction name as entry element: México.
- Subordinate unit: Secretaría de Educación Pública.
- Subordinate unit: Biblioteca Modelo
410 2# - MENCIÓN DE REFERENCIA “VÉASE” – NOMBRE DE ENTIDAD CORPORATIVA
- Corporate name or jurisdiction name as entry element: Biblioteca Pública de la SEP
410 2# - MENCIÓN DE REFERENCIA “VÉASE” – NOMBRE DE ENTIDAD CORPORATIVA
- Corporate name or jurisdiction name as entry element: Biblioteca Modelo de la Secretaría de Educación Pública
410 2# - MENCIÓN DE REFERENCIA “VÉASE” – NOMBRE DE ENTIDAD CORPORATIVA
- Corporate name or jurisdiction name as entry element: Biblioteca Modelo de la SEP
510 ## - MENCIÓN DE REFERENCIA “VÉASE ADEMÁS”- NOMBRE DE ENTIDAD CORPORTATIVA
- Control subfield: r
- Relationship information: Sucesor
- Corporate name or jurisdiction name as entry element: Biblioteca Pedagógica (México)
670 ## - FUENTE EN LA QUE SE LOCALIZARON DATOS
- Cita de la fuente : Las bibliotecas públicas en México: 1910-1940, 1988:
- Información localizada: página 197 (la Biblioteca "Modelo" de la Secretaría de Educación Pública fue finalmente abierta al público el día 15 de octubre de 1923)
902 ## - CATALOGADOR
- Catalogador: Víctor Ruiz/130324
